ARRUPE JESUIT UNIVERSITY

CORONAVIRUS -STOP THE SPREAD - CLEAN,DISINFECT,COVER

Where is my home? : (Record no. 125020)

MARC details
000 -LEADER
fixed length control field 01342cam a2200325 a 4500
001 - CONTROL NUMBER
control field 4981432
003 - CONTROL NUMBER IDENTIFIER
control field ARRUPE
005 - DATE AND TIME OF LATEST TRANSACTION
control field 20160816111914.0
008 - FIXED-LENGTH DATA ELEMENTS--GENERAL INFORMATION
fixed length control field 980805s1998 paua b 000 0aeng
010 ## - LIBRARY OF CONGRESS CONTROL NUMBER
LC control number 98038872
020 ## - INTERNATIONAL STANDARD BOOK NUMBER
International Standard Book Number 1556350368 (pbk.)
040 ## - CATALOGING SOURCE
Original cataloging agency DLC
Transcribing agency DLC
Modifying agency DLC
043 ## - GEOGRAPHIC AREA CODE
Geographic area code e-xr---
-- n-us---
050 00 - LIBRARY OF CONGRESS CALL NUMBER
Classification number BR1725.B415
Item number A3 1998
082 00 - DEWEY DECIMAL CLASSIFICATION NUMBER
Classification number 270.8/2/092
-- B
Edition number 21
300 ## - PHYSICAL DESCRIPTION
Other physical details ill. ;
Dimensions 23 cm.
100 1# - MAIN ENTRY--PERSONAL NAME
Personal name Bednář, Zdeněk F.
9 (RLIN) 25081
245 10 - TITLE STATEMENT
Title Where is my home? :
Remainder of title a theology of hope as the outcome of despair /
Statement of responsibility, etc Zdeněk F. Bednář.
260 ## - PUBLICATION, DISTRIBUTION, ETC. (IMPRINT)
Place of publication, distribution, etc Allison Park, Pa. :
Name of publisher, distributor, etc Pickwick Publications,
Date of publication, distribution, etc c1998.
300 ## - PHYSICAL DESCRIPTION
Extent xi, 340 p. :
440 #0 - SERIES STATEMENT/ADDED ENTRY--TITLE
Title Princeton theological monograph series
9 (RLIN) 25082
500 ## - GENERAL NOTE
General note "A survivor of Nazism, communism, and exile remembers the forces that shaped his faith."
504 ## - BIBLIOGRAPHY, ETC. NOTE
Bibliography, etc Includes bibliographical references (p. [339]-340).
600 10 - SUBJECT ADDED ENTRY--PERSONAL NAME
Personal name Bednář, Zdeněk F.
9 (RLIN) 25081
650 #0 - SUBJECT ADDED ENTRY--TOPICAL TERM
Topical term or geographic name as entry element Narrative theology.
9 (RLIN) 25083
650 #0 - SUBJECT ADDED ENTRY--TOPICAL TERM
Topical term or geographic name as entry element Christian biography
Geographic subdivision Czech Republic.
9 (RLIN) 25084
650 #0 - SUBJECT ADDED ENTRY--TOPICAL TERM
Topical term or geographic name as entry element Christian biography
Geographic subdivision United States.
9 (RLIN) 25085
906 ## - LOCAL DATA ELEMENT F, LDF (RLIN)
a 7
b cbc
c orignew
d 1
e ocip
f 19
g y-gencatlg
942 ## - ADDED ENTRY ELEMENTS (KOHA)
Source of classification or shelving scheme Library of Congress Classification
Koha item type Monograph ( Printed materials)
Holdings
Withdrawn status Lost status Source of classification or shelving scheme Damaged status Not for loan Collection code Home library Current library Shelving location Date acquired Total Checkouts Full call number Barcode Date last seen Price effective from Koha item type
    Library of Congress Classification     Main Collection ARRUPE LIBRARY ARRUPE LIBRARY Main Collection 16/08/2016   BR1725.B415A3 1998 46500008331 15/11/2016 16/08/2016 Monograph ( Printed materials)

 

Arrupe Library. PO Box MP320 Mt Pleasant, Harare, Zimbabwe
263 242 745411|librarian@aju.ac.zw